| 000 | 00925nam a22002297a 4500 | ||
|---|---|---|---|
| 001 | 38152 | ||
| 003 | BD-RjUL | ||
| 005 | 20211209052734.0 | ||
| 008 | 150916r1993 ii ||||| |||| 00| 0 ben d | ||
| 035 | _a(BD-RjUL)38257 | ||
| 040 |
_aBD-RjUL _bben _cBD-RjUL |
||
| 041 | _aben | ||
| 082 |
_aB 294.5921 _bBAV 1993 |
||
| 100 |
_aবসু, যোগীরাজ _9118055 |
||
| 245 |
_aবেদের পরিচয় : _b(বৈদিক সাহিত্যের ইতিহাস ) / _cযোগীরাজ বসু |
||
| 250 | _a৩য় সং (সংশোধিত ও পরিবর্ধিত) | ||
| 260 |
_aকলিকাতা : _bফার্মা কেএলএম প্রাইভেট লি., _c১৯৯৩ [পূনর্মুদ্রণ] |
||
| 300 |
_a২৫৮ পৃ. ; _c২১ সেমি. |
||
| 650 |
_aVedas. _9117482 |
||
| 650 |
_aHindu philosophy. _9117482 |
||
| 942 |
_2ddc _cBK _01 |
||
| 999 |
_c38152 _d38152 |
||